[Event "Sitges Sunway op-B 6th"]
[Site "Sitges"]
[Date "2019.12.17"]
[Round "5.47"]
[White "Ribon Calabia, Mariano"]
[Black "Minko, Uliana"]
[Result "1-0"]
[WhiteElo "1663"]
[BlackElo "1311"]
[PlyCount "97"]
[EventDate "2019.12.13"]
[EventType "swiss"]
[EventRounds "10"]
[EventCountry "ESP"]
[SourceTitle "EXT 2024"]
[Source "ChessBase"]
[SourceDate "2023.10.10"]
[SourceVersion "1"]
[SourceVersionDate "2023.10.10"]
[SourceQuality "1"]

1. d4 d5 2. c4 dxc4 3. e3 e6 4. Bxc4 Nf6 5. Nf3 a6 6. Ne5 c5 7. 0-0 b5 8. Qf3 Ra7 9. Be2 Bb7 10. Qf4 c4 11. Nc3 Be7 12. b3 cxb3 13. axb3 0-0 14. Nxb5 Ra8 15. Nc3 Nbd7 16. Bf3 Bxf3 17. Nxd7 Nxd7 18. Qxf3 Nf6 19. Ba3 Ra7 20. Ne4 Nd5 21. Qe2 a5 22. Bxe7 Qxe7 23. Rfc1 h6 24. Nc3 Nb4 25. Nb5 Ra6 26. Rc7 Qg5 27. Rc5 Qg6 28. h4 Qe4 29. g3 Kh7 30. Nc3 Qa8 31. Nb5 Qd8 32. Qc4 Qb6 33. Nc3 Raa8 34. Na4 Qd6 35. Nc3 Qd8 36. Ne4 f5 37. Nc3 Re8 38. Nb5 Re7 39. Nc7 Ra7 40. Nxe6 Qg8 41. d5 Qh8 42. Raxa5 Rxa5 43. Rxa5 Rb7 44. Rb5 Rxb5 45. Qxb5 Na2 46. Qd3 g6 47. Qd4 Qg8 48. Qa7+ Kh8 49. Qxa2 1-0

[Event "Sitges Sunway op-B 2nd"]
[Site "Sitges"]
[Date "2015.12.20"]
[Round "9"]
[White "Ribon Calabia, Mariano"]
[Black "Mombiela de Sus, Jose Luis"]
[Result "0-1"]
[WhiteElo "1739"]
[BlackElo "1976"]
[PlyCount "78"]
[EventDate "2015.12.13"]
[EventType "swiss"]
[EventRounds "9"]
[EventCountry "ESP"]
[SourceTitle "CBM 170 Extra"]
[Source "ChessBase"]
[SourceDate "2016.02.25"]
[SourceVersion "1"]
[SourceVersionDate "2016.02.25"]
[SourceQuality "1"]

1. d4 f5 2. c4 e6 3. Nf3 Nf6 4. Nc3 Bb4 5. Qc2 0-0 6. a3 Bxc3+ 7. Qxc3 d6 8. Bg5 h6 9. Bf4 Nc6 10. Rd1 Ne4 11. Qd3 Qf6 12. Bc1 e5 13. Qe3 exd4 14. Nxd4 Ne5 15. g3 Ng4 16. Qf3 Ngxf2 17. Nb5 c6 18. Nxd6 Nxh1 19. Nxe4 fxe4 20. Qxf6 Rxf6 21. Rd8+ Rf8 22. Rxf8+ Kxf8 23. Be3 Nxg3 24. hxg3 Be6 25. Bc5+ Kf7 26. e3 b6 27. Bd6 Bg4 28. c5 b5 29. Bg2 Bf5 30. Kd2 Ke6 31. Kc3 g5 32. Bf1 h5 33. a4 a6 34. Kb4 Rd8 35. Bc7 Rd7 36. Bb8 Rd2 37. Kc3 Rf2 38. axb5 axb5 39. Bxb5 cxb5 0-1

[Event "Benidorm op U2000 14th"]
[Site "Benidorm"]
[Date "2015.11.28"]
[Round "1"]
[White "Ribon Calabia, Mariano"]
[Black "Blesa Fernandez, Francisco"]
[Result "0-1"]
[WhiteElo "1739"]
[BlackElo "1997"]
[PlyCount "94"]
[EventDate "2015.11.28"]
[EventType "swiss"]
[EventRounds "10"]
[EventCountry "ESP"]
[SourceTitle "CBM 169 Extra"]
[Source "ChessBase"]
[SourceDate "2015.12.18"]
[SourceVersion "1"]
[SourceVersionDate "2015.12.18"]
[SourceQuality "1"]

1. d4 Nf6 2. c4 g6 3. Nc3 Bg7 4. e4 d6 5. Be2 0-0 6. Nf3 e5 7. 0-0 Nc6 8. d5 Ne7 9. Ne1 Nd7 10. Be3 f5 11. f3 f4 12. Bf2 g5 13. Nb5 b6 14. b4 a6 15. Nc3 Nf6 16. c5 h5 17. cxb6 cxb6 18. Na4 Rb8 19. Rc1 g4 20. Kh1 Rf7 21. Nd3 Bf8 22. Qe1 Bd7 23. Nc3 Rg7 24. g3 Ng6 25. gxf4 exf4 26. Qd2 Rf7 27. Bd4 Bh6 28. e5 dxe5 29. Nxe5 Rg7 30. Nxd7 Rxd7 31. Qd3 Nh4 32. Rcd1 g3 33. Kg1 Rg7 34. Ne4 gxh2+ 35. Kh1 Nxe4 36. Qxe4 Re7 37. Qd3 Bg7 38. Bxg7 Rxg7 39. Qe4 Qg5 40. Qe6+ Kh8 41. Qh3 Rbg8 42. Qxh2 Nf5 43. Bc4 Ng3+ 44. Kg2 Nxf1+ 45. Kxf1 Qg1+ 46. Qxg1 Rxg1+ 47. Ke2 R8g2+ 0-1

[Event "Barcelona Tres Peons op-B 15th"]
[Site "Barcelona"]
[Date "2013.02.22"]
[Round "7"]
[White "Ribon Calabia, Mariano"]
[Black "Nin Serres, Pere"]
[Result "1-0"]
[WhiteElo "1836"]
[BlackElo "1710"]
[PlyCount "53"]
[EventDate "2013.01.11"]
[EventType "swiss"]
[EventRounds "9"]
[EventCountry "ESP"]
[SourceTitle "EXT 2014"]
[Source "ChessBase"]
[SourceDate "2013.11.20"]
[SourceVersion "1"]
[SourceVersionDate "2013.11.20"]
[SourceQuality "1"]

1. d4 Nf6 2. c4 c6 3. Nc3 d5 4. e3 e6 5. Nf3 Be7 6. Ne5 Nbd7 7. cxd5 cxd5 8. f4 0-0 9. Bd3 Ne8 10. 0-0 f6 11. Qh5 f5 12. Nxd5 exd5 13. Bxf5 Nef6 14. Qh3 Nxe5 15. fxe5 Bxf5 16. Rxf5 Ne4 17. b3 Rxf5 18. Qxf5 Qf8 19. Qf3 Rc8 20. Qe2 Rc7 21. Bb2 Qf2+ 22. Qxf2 Nxf2 23. Kxf2 Rc2+ 24. Kf3 Rxb2 25. Rc1 Rxa2 26. e6 Ra6 27. Rc8+ 1-0

[Event "Barcelona Tres Peons op-B 15th"]
[Site "Barcelona"]
[Date "2013.01.25"]
[Round "3"]
[White "Ribon Calabia, Mariano"]
[Black "Opasiak, Dustin Tennessee"]
[Result "1-0"]
[WhiteElo "1836"]
[BlackElo "1766"]
[PlyCount "53"]
[EventDate "2013.01.11"]
[EventType "swiss"]
[EventRounds "9"]
[EventCountry "ESP"]
[SourceTitle "EXT 2014"]
[Source "ChessBase"]
[SourceDate "2013.11.20"]
[SourceVersion "1"]
[SourceVersionDate "2013.11.20"]
[SourceQuality "1"]

1. d4 Nf6 2. c4 c5 3. d5 b5 4. Nf3 g6 5. Qc2 d6 6. e4 Bg7 7. cxb5 a6 8. Nc3 0-0 9. Bd2 Nbd7 10. Be2 axb5 11. Bxb5 Ba6 12. Bxa6 Rxa6 13. 0-0 Qb6 14. Rab1 Rfa8 15. h3 h6 16. Rfe1 Ne8 17. a3 Nc7 18. Kh1 e6 19. dxe6 Nxe6 20. Nd5 Qb7 21. Bc3 Nb6 22. Bxg7 Kxg7 23. Qc3+ Kg8 24. Nf6+ Kf8 25. Ng4 Nf4 26. Qh8+ Ke7 27. Qf6+ 1-0

[Event "Barcelona Tres Peons op-B 15th"]
[Site "Barcelona"]
[Date "2013.01.18"]
[Round "2"]
[White "Soler Ferrer, Felipe"]
[Black "Ribon Calabia, Mariano"]
[Result "0-1"]
[WhiteElo "1734"]
[BlackElo "1836"]
[PlyCount "134"]
[EventDate "2013.01.11"]
[EventType "swiss"]
[EventRounds "9"]
[EventCountry "ESP"]
[SourceTitle "EXT 2014"]
[Source "ChessBase"]
[SourceDate "2013.11.20"]
[SourceVersion "1"]
[SourceVersionDate "2013.11.20"]
[SourceQuality "1"]

1. d4 Nf6 2. c4 e6 3. Nc3 Bb4 4. Qc2 0-0 5. a3 Bxc3+ 6. Qxc3 Ne4 7. Qc2 f5 8. Nf3 b6 9. g3 Bb7 10. Bg2 d6 11. 0-0 Nd7 12. Nd2 Ndf6 13. Nxe4 Bxe4 14. Bxe4 Nxe4 15. f3 Nf6 16. Bf4 Nh5 17. Bd2 Nf6 18. Bf4 Qd7 19. Rad1 Nh5 20. Qd2 h6 21. Be3 Qe7 22. g4 fxg4 23. fxg4 Nf6 24. g5 Ne4 25. Qd3 Nxg5 26. Qg6 Rf6 27. Rxf6 Qxf6 28. Qh5 Qf7 29. Qg4 Qf5 30. Qxf5 exf5 31. Bxg5 hxg5 32. Rf1 Re8 33. Kf2 Re4 34. Rd1 Kf7 35. Rd3 g4 36. b3 Kf6 37. Rd2 f4 38. Kg2 Re3 39. Rb2 Kf5 40. Kf2 Ke4 41. d5 Kd4 42. Rb1 g3+ 43. hxg3 fxg3+ 44. Kg2 Kc3 45. Rf1 Rxe2+ 46. Kxg3 Kxb3 47. Rf7 Kxc4 48. Rxc7+ Kxd5 49. Rxa7 g5 50. Rb7 Kc6 51. Rg7 Re5 52. Rg8 d5 53. Kf3 d4 54. Rd8 Kc5 55. Rc8+ Kd5 56. Rd8+ Kc4 57. Rc8+ Kd3 58. Rb8 b5 59. a4 bxa4 60. Ra8 Rf5+ 61. Kg4 Rf2 62. Kxg5 Ke3 63. Re8+ Kd2 64. Ra8 d3 65. Rxa4 Ke2 66. Re4+ Kd1 67. Rd4 d2 0-1

[Event "Barcelona Tres Peons op-B 15th"]
[Site "Barcelona"]
[Date "2013.01.11"]
[Round "1"]
[White "Ribon Calabia, Mariano"]
[Black "Cort Hidalgo, Jordi"]
[Result "1-0"]
[WhiteElo "1836"]
[BlackElo "1628"]
[PlyCount "41"]
[EventDate "2013.01.11"]
[EventType "swiss"]
[EventRounds "9"]
[EventCountry "ESP"]
[SourceTitle "EXT 2014"]
[Source "ChessBase"]
[SourceDate "2013.11.20"]
[SourceVersion "1"]
[SourceVersionDate "2013.11.20"]
[SourceQuality "1"]

1. c4 Nf6 2. d4 e5 3. dxe5 Ne4 4. Qd4 Bb4+ 5. Nd2 Nxd2 6. Bxd2 Nc6 7. Qf4 Qe7 8. Nf3 Bxd2+ 9. Kxd2 Qb4+ 10. Kc2 0-0 11. e3 Qc5 12. a3 a5 13. Bd3 g6 14. h4 Re8 15. h5 Nxe5 16. hxg6 fxg6 17. Rxh7 Kxh7 18. Nxe5 Rxe5 19. Qf7+ Kh8 20. Rh1+ Rh5 21. Qf6+ 1-0

[Event "Benidorm op U2000 09th"]
[Site "Benidorm"]
[Date "2010.12.05"]
[Round "3"]
[White "Ribon Calabia, Mariano"]
[Black "MacDonald, Paul H"]
[Result "0-1"]
[WhiteElo "1846"]
[BlackElo "1969"]
[PlyCount "62"]
[EventDate "2010.12.03"]
[EventType "swiss"]
[EventRounds "10"]
[EventCountry "ESP"]
[SourceTitle "CBM 139 Extra"]
[Source "ChessBase"]
[SourceDate "2011.01.05"]
[SourceVersion "1"]
[SourceVersionDate "2011.01.05"]
[SourceQuality "1"]

1. e4 c5 2. Nf3 a6 3. Nc3 e6 4. d4 cxd4 5. Nxd4 Nc6 6. Nxc6 bxc6 7. Bd3 d5 8. 0-0 Bc5 9. Qe2 Ne7 10. Bg5 h6 11. Bh4 g5 12. Bg3 Ng6 13. Rad1 0-0 14. Kh1 Bd6 15. e5 Be7 16. Qh5 Kg7 17. f4 gxf4 18. Bxf4 Bg5 19. Bg3 a5 20. h4 Nxh4 21. Bxh4 Bxh4 22. Rxf7+ Rxf7 23. Qg6+ Kf8 24. Qxh6+ Rg7 25. Rf1+ Kg8 26. Bh7+ Rxh7 27. Qg6+ Rg7 28. Qh5 Qg5 29. Qf3 Ba6 30. Rd1 Rf8 31. Qh3 Qg4 0-1

[Event "Benidorm op U2000 08th"]
[Site "Benidorm"]
[Date "2009.11.30"]
[Round "3"]
[White "Perez Garcia, Jose Miguel"]
[Black "Ribon Calabia, Mariano"]
[Result "1-0"]
[WhiteElo "1977"]
[BlackElo "1848"]
[PlyCount "89"]
[EventDate "2009.11.28"]
[EventType "swiss"]
[EventRounds "10"]
[EventCountry "ESP"]
[SourceTitle "CBM 133 Extra"]
[Source "ChessBase"]
[SourceDate "2010.01.05"]
[SourceVersion "1"]
[SourceVersionDate "2010.01.05"]
[SourceQuality "1"]

1. d4 e6 2. Nf3 Nf6 3. c4 d5 4. e3 c5 5. Nc3 cxd4 6. exd4 Nc6 7. Bg5 Be7 8. Rc1 h6 9. Bh4 0-0 10. Bd3 Nb4 11. Be2 dxc4 12. Bxc4 Nbd5 13. 0-0 Nf4 14. Ne5 N6d5 15. Bg3 Ng6 16. Nxg6 fxg6 17. Qb3 Nf4 18. Bxf4 Rxf4 19. Bxe6+ Kh7 20. Bxc8 Rxc8 21. Qxb7 Rb8 22. Qd5 Qb6 23. Qd7 Bf6 24. Nd5 Qxd4 25. Rcd1 Qe5 26. Nxf4 Qxf4 27. Qd2 Qg4 28. b3 Rd8 29. Qc2 Bd4 30. Kh1 Qh4 31. Qc4 Qf6 32. Rd2 Qe5 33. Rfd1 Qh5 34. g4 Qxg4 35. Rxd4 Qf3+ 36. Kg1 Rf8 37. Rf1 Rf5 38. Rg4 Qb7 39. Qe4 Qc7 40. h4 Qd7 41. Re1 Qd2 42. Re2 Qd1+ 43. Kg2 h5 44. Rg5 Rf6 45. Rxh5+ 1-0

[Event "Gibraltar Challengers"]
[Site "Gibraltar"]
[Date "2009.02.05"]
[Round "5"]
[White "Dennis, Nigel W"]
[Black "Ribon Calabia, Mariano"]
[Result "1-0"]
[WhiteElo "1956"]
[BlackElo "1864"]
[PlyCount "91"]
[EventDate "2009.02.01"]
[EventType "swiss"]
[EventRounds "5"]
[EventCountry "ENG"]
[SourceTitle "CBM 128 Extra"]
[Source "ChessBase"]
[SourceDate "2009.03.05"]
[SourceVersion "2"]
[SourceVersionDate "2009.03.25"]
[SourceQuality "1"]

1. e4 e6 2. d4 d5 3. Nc3 Nf6 4. Bg5 Be7 5. e5 Nfd7 6. Bxe7 Qxe7 7. f4 a6 8. Nf3 c5 9. Bd3 Nc6 10. 0-0 cxd4 11. Ne2 Nc5 12. Kh1 Bd7 13. Nexd4 Nxd4 14. Nxd4 Nxd3 15. Qxd3 0-0 16. Rae1 f5 17. a3 Rac8 18. Rf2 Rc7 19. Rg1 Be8 20. c3 Kh8 21. h3 Rd7 22. Qe3 Rg8 23. g4 Bg6 24. gxf5 Bxf5 25. Nxf5 exf5 26. Rg5 g6 27. Rfg2 Rc8 28. h4 Rc4 29. h5 h6 30. Rxg6 Qh4+ 31. Rh2 Qxf4 32. Qxf4 Rxf4 33. Rxh6+ Rh7 34. Rd6 Re4 35. Rd8+ Kg7 36. Rg2+ Kh6 37. Rxd5 Re7 38. Rd8 Rh4+ 39. Kg1 Rxh5 40. Rh8+ Rh7 41. Rxh7+ Kxh7 42. e6 f4 43. Re2 Rg5+ 44. Kf2 Rg8 45. Kf3 Kg7 46. Rg2+ 1-0

[Event "Gibraltar Masters 7th"]
[Site "Gibraltar"]
[Date "2009.02.04"]
[Round "9"]
[White "Ribon Calabia, Mariano"]
[Black "Linqvist, Grels"]
[Result "1/2-1/2"]
[WhiteElo "1864"]
[BlackElo "2034"]
[PlyCount "132"]
[EventDate "2009.01.27"]
[EventType "swiss"]
[EventRounds "10"]
[EventCountry "ENG"]
[SourceTitle "CBM 128 Extra"]
[Source "ChessBase"]
[SourceDate "2009.03.05"]
[SourceVersion "2"]
[SourceVersionDate "2009.03.25"]
[SourceQuality "1"]

1. e4 e6 2. d4 d5 3. Nc3 Bb4 4. Bd3 dxe4 5. Bxe4 Nf6 6. Bg5 h6 7. Bxf6 Qxf6 8. Nge2 c6 9. Qd3 Nd7 10. 0-0-0 Qe7 11. Nf4 Bxc3 12. Qxc3 0-0 13. Kb1 Nf6 14. Bf3 Qd6 15. g3 Rd8 16. a3 Nd5 17. Nxd5 cxd5 18. Rhe1 Bd7 19. Qc5 Bc6 20. Qxd6 Rxd6 21. Rd3 Rc8 22. Rc3 Re8 23. b3 g6 24. a4 Kf8 25. Kb2 Re7 26. Rce3 Rc7 27. Bg2 Bd7 28. Rc3 Rxc3 29. Kxc3 Bc6 30. Re3 Ke7 31. Kb4 Rd8 32. h4 Kd6 33. f4 Rb8 34. c4 dxc4 35. Bxc6 Kxc6 36. bxc4 Rd8 37. Re4 Rd6 38. Kc3 Kc7 39. Re5 a6 40. c5 Rc6 41. h5 Kd7 42. hxg6 fxg6 43. a5 Rc8 44. Kd3 Rc6 45. g4 Rc8 46. Ke4 Rh8 47. d5 exd5+ 48. Kxd5 h5 49. f5 gxf5 50. gxh5 Rxh5 51. c6+ bxc6+ 52. Kc5 Rg5 53. Kb6 Rg1 54. Rxf5 Rb1+ 55. Kxa6 Kd6 56. Rf6+ Kd5 57. Ka7 c5 58. Rb6 Ra1 59. a6 c4 60. Kb7 c3 61. a7 c2 62. Ra6 Rb1+ 63. Ka8 Rh1 64. Kb7 Rh8 65. Rc6 Rh7+ 66. Kb6 Rxa7 1/2-1/2

[Event "Gibraltar Masters 7th"]
[Site "Gibraltar"]
[Date "2009.02.03"]
[Round "8"]
[White "Almond, Richard"]
[Black "Ribon Calabia, Mariano"]
[Result "1-0"]
[WhiteElo "2126"]
[BlackElo "1864"]
[PlyCount "99"]
[EventDate "2009.01.27"]
[EventType "swiss"]
[EventRounds "10"]
[EventCountry "ENG"]
[SourceTitle "CBM 128 Extra"]
[Source "ChessBase"]
[SourceDate "2009.03.05"]
[SourceVersion "2"]
[SourceVersionDate "2009.03.25"]
[SourceQuality "1"]

1. d4 Nf6 2. c4 g6 3. Nf3 Bg7 4. Nc3 0-0 5. e4 d6 6. Be2 e5 7. 0-0 Nc6 8. d5 Ne7 9. Ne1 Nd7 10. f3 f5 11. g4 fxg4 12. fxg4 Rxf1+ 13. Kxf1 Nf6 14. Nd3 Bd7 15. Be3 b6 16. Rc1 Rc8 17. Nf2 c6 18. dxc6 Rxc6 19. Rc2 Qf8 20. Rd2 Nc8 21. Kg1 Qf7 22. b3 Bf8 23. a4 Kg7 24. a5 Be6 25. Ra2 Qb7 26. axb6 axb6 27. Nb5 Ne8 28. Qa1 Nc7 29. Na7 Nxa7 30. Rxa7 Qc8 31. b4 Kg8 32. b5 Nxb5 33. cxb5 Rc3 34. Ra3 Rxa3 35. Qxa3 d5 36. Qc1 Bc5 37. Bxc5 bxc5 38. exd5 Bxd5 39. Bc4 Qe6 40. Bxd5 Qxd5 41. Qb1 e4 42. Qxe4 Qd6 43. Qc6 Qd4 44. b6 Kg7 45. Qc7+ Kh6 46. b7 Kg5 47. b8Q Qa1+ 48. Kg2 Qa2 49. Qf4+ Kh4 50. Qh6# 1-0

[Event "Gibraltar Masters 7th"]
[Site "Gibraltar"]
[Date "2009.01.31"]
[Round "5"]
[White "Pali, Gabor"]
[Black "Ribon Calabia, Mariano"]
[Result "1-0"]
[WhiteElo "2049"]
[BlackElo "1864"]
[PlyCount "75"]
[EventDate "2009.01.27"]
[EventType "swiss"]
[EventRounds "10"]
[EventCountry "ENG"]
[SourceTitle "CBM 128 Extra"]
[Source "ChessBase"]
[SourceDate "2009.03.05"]
[SourceVersion "2"]
[SourceVersionDate "2009.03.25"]
[SourceQuality "1"]

1. d4 Nf6 2. g3 g6 3. Bg2 Bg7 4. e4 d6 5. c4 e5 6. d5 a5 7. Nc3 Bd7 8. Nge2 Na6 9. 0-0 h5 10. Bg5 Qc8 11. Nc1 Bh3 12. Nd3 Bxg2 13. Kxg2 Qd7 14. h3 Nh7 15. Be3 Bf6 16. Qd2 g5 17. c5 Be7 18. cxd6 cxd6 19. a4 f5 20. f3 f4 21. Bf2 fxg3 22. Bxg3 g4 23. hxg4 hxg4 24. f4 exf4 25. Bxf4 Nf6 26. e5 dxe5 27. Nxe5 Qf5 28. Qe2 g3 29. Qb5+ Kf8 30. Bh6+ Rxh6 31. Rxf5 Nc5 32. Ng4 Rg6 33. Nxf6 Kg7 34. Nh5+ Kh7 35. Rh1 Rag8 36. Nf6+ Kg7 37. Rh7+ Kf8 38. Qe8# 1-0

[Event "Gibraltar Challengers1"]
[Site "Gibraltar"]
[Date "2009.01.31"]
[Round "5"]
[White "Ribon Calabia, Mariano"]
[Black "Lyons, Brendan"]
[Result "1-0"]
[WhiteElo "1864"]
[BlackElo "2060"]
[PlyCount "43"]
[EventDate "2009.01.27"]
[EventType "tourn"]
[EventRounds "5"]
[EventCountry "ENG"]
[SourceTitle "EXT 2010"]
[Source "ChessBase"]
[SourceDate "2010.11.25"]
[SourceVersion "1"]
[SourceVersionDate "2010.11.25"]
[SourceQuality "1"]

1. e4 c5 2. Nc3 e6 3. Nf3 d6 4. d4 cxd4 5. Nxd4 Nc6 6. Bb5 Bd7 7. 0-0 a6 8. Nxc6 bxc6 9. Bd3 g6 10. Bf4 e5 11. Be3 Qa5 12. f4 Bg7 13. Bc4 exf4 14. Rxf4 Bh6 15. Bxf7+ Ke7 16. Bb3 Bxf4 17. Bxf4 Qb6+ 18. Kh1 Qc7 19. Qd4 Nf6 20. Rd1 c5 21. Bxd6+ Ke8 22. Qxf6 1-0

[Event "Gibraltar Masters 7th"]
[Site "Gibraltar"]
[Date "2009.01.28"]
[Round "2"]
[White "Ribon Calabia, Mariano"]
[Black "Hagesaether, Arne"]
[Result "0-1"]
[WhiteElo "1864"]
[BlackElo "2184"]
[PlyCount "74"]
[EventDate "2009.01.27"]
[EventType "swiss"]
[EventRounds "10"]
[EventCountry "ENG"]
[SourceTitle "CBM 128 Extra"]
[Source "ChessBase"]
[SourceDate "2009.03.05"]
[SourceVersion "2"]
[SourceVersionDate "2009.03.25"]
[SourceQuality "1"]

1. e4 c6 2. d4 d5 3. e5 c5 4. c3 Nc6 5. Bb5 Bf5 6. g4 Be4 7. f3 Bxb1 8. Rxb1 cxd4 9. Qxd4 e6 10. Be3 Nge7 11. Ne2 a6 12. Bxc6+ Nxc6 13. Qf4 Be7 14. 0-0 0-0 15. Bd4 Rc8 16. Qg3 Qa5 17. a3 f6 18. f4 Qb5 19. Qg2 fxe5 20. fxe5 Rxf1+ 21. Rxf1 Qxb2 22. Nf4 Qxg2+ 23. Kxg2 Nxd4 24. cxd4 Rc6 25. Kg3 Bxa3 26. g5 b5 27. Kg4 Bb2 28. g6 Bxd4 29. gxh7+ Kxh7 30. Kh5 Bxe5 31. Ng6 Bf6 32. Re1 Kg8 33. Nf4 Kf7 34. h4 b4 35. Kg4 b3 36. Rb1 b2 37. Nh5 Rc1 0-1

[Event "Gibraltar Amateurs op-B"]
[Site "Gibraltar"]
[Date "2008.01.29"]
[Round "3"]
[White "Ribon Calabia, Mariano"]
[Black "Rashleigh, Jonathan"]
[Result "0-1"]
[WhiteElo "1800"]
[BlackElo "1568"]
[PlyCount "68"]
[EventDate "2008.01.27"]
[EventType "tourn"]
[EventRounds "5"]
[EventCountry "ENG"]
[SourceTitle "EXT 2010"]
[Source "ChessBase"]
[SourceDate "2010.11.25"]
[SourceVersion "1"]
[SourceVersionDate "2010.11.25"]
[SourceQuality "1"]

1. e4 e6 2. d4 d5 3. e5 c5 4. c3 Nc6 5. Nf3 Nh6 6. a3 cxd4 7. cxd4 Qb6 8. Bd3 Nf5 9. Bxf5 exf5 10. 0-0 Be7 11. Re1 0-0 12. Nc3 Be6 13. Qd3 Rae8 14. b4 f6 15. Na4 Qc7 16. Nc5 Bxc5 17. bxc5 fxe5 18. Nxe5 f4 19. Nf3 Bf5 20. Qc3 Re4 21. Rxe4 Bxe4 22. Bd2 h6 23. Re1 Qf7 24. Ne5 Nxe5 25. dxe5 f3 26. Qb3 Qg6 27. g3 Qf5 28. Rxe4 Qh3 29. Qxf3 Rxf3 30. Rb4 Rd3 31. Rh4 Qf5 32. Bb4 Qf3 33. Kf1 Rd1+ 34. Be1 Qh1+ 0-1

[Event "Gibraltar Amateurs op-B"]
[Site "Gibraltar"]
[Date "2008.01.28"]
[Round "2"]
[White "Izzard, Brian J"]
[Black "Ribon Calabia, Mariano"]
[Result "1-0"]
[WhiteElo "1664"]
[BlackElo "1800"]
[PlyCount "65"]
[EventDate "2008.01.27"]
[EventType "tourn"]
[EventRounds "5"]
[EventCountry "ENG"]
[SourceTitle "EXT 2010"]
[Source "ChessBase"]
[SourceDate "2010.11.25"]
[SourceVersion "1"]
[SourceVersionDate "2010.11.25"]
[SourceQuality "1"]

1. d4 Nf6 2. Bg5 Ne4 3. Bf4 d5 4. e3 Nc6 5. c3 Bf5 6. Bd3 Nxf2 7. Kxf2 e6 8. Nf3 Bg4 9. Rf1 Bd6 10. Bxd6 Qxd6 11. Kg1 e5 12. Be2 f6 13. Nbd2 e4 14. Nh4 h5 15. Nf5 Qd7 16. Ng3 0-0-0 17. c4 Ne7 18. Rc1 Kb8 19. c5 c6 20. b4 a6 21. a4 Rh6 22. b5 Rdh8 23. bxa6 bxa6 24. Rb1+ Kc7 25. Qb3 Kd8 26. Qb8+ Nc8 27. Rb7 Qe6 28. Bxa6 Rg6 29. Rc7 h4 30. Bxc8 Qxc8 31. Rxc8+ Bxc8 32. Nf5 h3 33. g3 1-0

[Event "Gibraltar Amateurs op-A"]
[Site "Gibraltar"]
[Date "2008.01.25"]
[Round "4"]
[White "Ribon Calabia, Mariano"]
[Black "Randall, David Charles"]
[Result "1/2-1/2"]
[WhiteElo "1800"]
[BlackElo "1568"]
[PlyCount "76"]
[EventDate "2008.01.22"]
[EventType "tourn"]
[EventRounds "5"]
[EventCountry "ENG"]
[SourceTitle "EXT 2010"]
[Source "ChessBase"]
[SourceDate "2010.11.25"]
[SourceVersion "1"]
[SourceVersionDate "2010.11.25"]
[SourceQuality "1"]

1. e4 c5 2. Nc3 Nc6 3. Nf3 e5 4. Bc4 Be7 5. Nd5 h6 6. d3 Nf6 7. Be3 d6 8. a3 Nxd5 9. Bxd5 Be6 10. c4 Bxd5 11. cxd5 Nd4 12. Bxd4 cxd4 13. Qa4+ Qd7 14. Qxd7+ Kxd7 15. Rc1 Rhc8 16. Ke2 Bg5 17. Nxg5 hxg5 18. Kd2 g4 19. h3 Rxc1 20. Kxc1 Rh8 21. h4 Rh6 22. Kd2 Rf6 23. Ke2 Rh6 24. g3 g6 25. f3 gxf3+ 26. Kxf3 Rh8 27. Kg4 Rc8 28. Rh2 Rc1 29. Rd2 f6 30. h5 gxh5+ 31. Kxh5 Rf1 32. Kg4 Rh1 33. Kf3 Ke7 34. Kg2 Re1 35. Kf3 Rh1 36. Rc2 Kd7 37. Rd2 Ke7 38. g4 Kd7 1/2-1/2

[Event "Gibraltar Amateurs op-A"]
[Site "Gibraltar"]
[Date "2008.01.24"]
[Round "3"]
[White "Loberg, Jo Kristian"]
[Black "Ribon Calabia, Mariano"]
[Result "1-0"]
[WhiteElo "1908"]
[BlackElo "1800"]
[PlyCount "61"]
[EventDate "2008.01.22"]
[EventType "tourn"]
[EventRounds "5"]
[EventCountry "ENG"]
[SourceTitle "EXT 2010"]
[Source "ChessBase"]
[SourceDate "2010.11.25"]
[SourceVersion "1"]
[SourceVersionDate "2010.11.25"]
[SourceQuality "1"]

1. e4 e6 2. d4 d5 3. Nc3 Bb4 4. e5 Ne7 5. a3 Bxc3+ 6. bxc3 c5 7. Nf3 Nbc6 8. Bd3 Qb6 9. 0-0 Nf5 10. Bxf5 exf5 11. Be3 c4 12. Nh4 h5 13. Qf3 Ne7 14. Bg5 Qe6 15. Rab1 b6 16. Bxe7 Kxe7 17. g3 g5 18. Ng2 Bd7 19. Ne3 Rag8 20. Nxd5+ Kf8 21. Nf6 Bc6 22. d5 Qxe5 23. Nxg8 Bxd5 24. Nf6 Bxf3 25. Nd7+ Kg7 26. Nxe5 Bb7 27. Nxc4 h4 28. Nd6 Bc6 29. Nxf5+ Kf6 30. Nd4 Bb7 31. g4 1-0

[Event "Gibraltar Amateurs op-A"]
[Site "Gibraltar"]
[Date "2008.01.23"]
[Round "2"]
[White "Ribon Calabia, Mariano"]
[Black "Bishop, Geoffrey L"]
[Result "1-0"]
[WhiteElo "1800"]
[BlackElo "1664"]
[PlyCount "129"]
[EventDate "2008.01.22"]
[EventType "tourn"]
[EventRounds "5"]
[EventCountry "ENG"]
[SourceTitle "EXT 2010"]
[Source "ChessBase"]
[SourceDate "2010.11.25"]
[SourceVersion "1"]
[SourceVersionDate "2010.11.25"]
[SourceQuality "1"]

1. e4 c5 2. Nc3 Nc6 3. Nf3 d6 4. Bc4 Nf6 5. d3 Bg4 6. h3 Bxf3 7. gxf3 g6 8. Be3 Bg7 9. f4 a6 10. a3 0-0 11. f5 Ne5 12. fxg6 hxg6 13. Bb3 Rc8 14. f4 Nc6 15. Qf3 Nd4 16. Bxd4 cxd4 17. Ne2 Qa5+ 18. Kf1 Nd7 19. Rg1 Nc5 20. Ba2 e6 21. Rg5 Qd2 22. Rc1 Na4 23. Qg4 Rxc2 24. Rxc2 Qxc2 25. Rxg6 fxg6 26. Bxe6+ Rf7 27. Qxg6 Qc7 28. f5 Nc5 29. Ba2 Kf8 30. Bxf7 Qxf7 31. Qxd6+ Qe7 32. Qg3 Be5 33. Qf3 Qh4 34. Ng1 Na4 35. b3 Nc3 36. Qg4 Qe7 37. Nf3 Bg7 38. Qf4 Nd1 39. e5 Ne3+ 40. Kf2 Nc2 41. f6 Bxf6 42. Qxf6+ Qxf6 43. exf6 Nxa3 44. Nxd4 Kf7 45. Kf3 Kxf6 46. Ke4 Nb1 47. Kd5 Nd2 48. Kd6 Nf1 49. Kc7 Ke5 50. Nc2 Nh2 51. Kxb7 a5 52. Kb6 Nf3 53. Kxa5 Ng5 54. h4 Ne6 55. Kb6 Nf4 56. Ne1 Kf6 57. d4 Ne6 58. Nf3 Kf5 59. Kb5 Kf4 60. d5 Ng7 61. Ng5 Kg4 62. d6 Kxh4 63. Nf7 Kg4 64. d7 Ne6 65. d8Q 1-0